Európsky marketing - manažérska koncepcia pre jednotný trh EÚ zborník vedeckých statí

Salvato in:
Dettagli Bibliografici
Ente Autore: Ekonomická univerzita v Bratislave. Obchodná fakulta
Altri autori: Pavliková, Marta, Matulčíková, Marta, 1964-, Kriváň, Andrej
Natura: Libro
Lingua:slovacco
Pubblicazione: Bratislava Vydavateľstvo EKONÓM 2015
Edizione:1. vyd.
Soggetti:
Tags: Aggiungi Tag
Nessun Tag, puoi essere il primo ad aggiungerne!!

MARC

LEADER 00000nlm a2200000 4500
001 0211533
005 20240502073528.2
020 |a 978-80-225-4203-6 
041 0 |a slo 
044 |a SK 
245 1 0 |a Európsky marketing - manažérska koncepcia pre jednotný trh EÚ  |b zborník vedeckých statí  |c Viera Čihovská a kolektív, zborník zostavili: Marta Pavliková ; recenzenti: Marta Matulčíková, Andrej Kriváň 
250 |a 1. vyd. 
264 1 |a Bratislava  |b Vydavateľstvo EKONÓM  |c 2015 
300 |a CD-ROM [75 s., 7 AH] 
610 2 0 |a euromarketing 
610 2 0 |a Európska únia 
610 2 0 |a politika medzinárodná 
610 2 0 |a spotrebitelia 
700 1 |a Pavliková, Marta 
700 1 |a Matulčíková, Marta, 1964- 
700 1 |a Kriváň, Andrej 
710 2 |a Ekonomická univerzita v Bratislave. Obchodná fakulta